000 00778nam a2200241 4500
001 148889
003 ES-MaACL
007 t|
008 070214s1985 sp r ||||1| spa d
100 1 _aSueiro, Daniel.
_9108725
245 1 0 _aHistoria del franquismo /
_cDaniel Sueiro, Bernardo Díaz Nosty.
250 _a1ª. ed.
260 _aBarcelona :
_bArgos Vergara,
_c1985.
300 _a2 v. ;
_c22 cm.
490 1 _aPrimera plana ;
_v64, 65
505 8 _aContiene: Vol. I. Un imperio en ruinas. Vol. II. Las corrupciones del poder
700 1 _aDíaz Nosty, Bernardo.
_944372
740 0 _aUn imperio en ruinas.
740 0 _aLas corrupciones del poder.
830 0 _aPrimera plana ;
_v64, 65
_9180521
852 _aES-MaACL
_jL-7764-5
_bR.108399
999 _c148889
_d148889